000 00712nam a2200217 a 4500
001 000031784
003 DO-SdBNP
005 20220427081324.0
008 110701s2008 dr 000 0 spa d
040 _aDO-SdBNP
_bspa
_cBNPHU
082 _axxx
_bI438
110 2 _aCentro Nacional de Investigaciones en Salud Materno Infantil (CENISMI)
_958010
245 1 0 _aInforme anual 2008.
260 _aSanto Domingo :
_bCENISMI,
_c[2008].
300 _a21 P. ;
_c28 cm.
590 _aInventariado, 2008 / DG
650 4 _aCentro Nacional de Investigaciones en Salud Materno Infantil
_xInformes
_981504
650 4 _aSalud infantil
_xInvestigaciones
_zRepública Dominicana
_981505
910 _aDG
942 _2ddc
_cLF2
999 _c51586
_d51586